Politické a ideologické príčiny euroskepticizmu a odmietavých postojov k Zmluve o ústave pre Európu v Slovenskej republike

Enregistré dans:
Détails bibliographiques
Auteur principal: Weiss, Peter
Format: Chapitre de livre
Langue:slovaque
Tags: Ajouter un tag
Pas de tags, Soyez le premier à ajouter un tag!

MARC

LEADER 00000naa$a2200000$$$4500
001 0060607
005 20240502083144.5
041 0 |a slo 
044 |a PL 
245 1 0 |a Politické a ideologické príčiny euroskepticizmu a odmietavých postojov k Zmluve o ústave pre Európu v Slovenskej republike  |c Peter Weiss 
100 1 |a Weiss, Peter